000 00411pab a2200145 454500
008 180718b1997 xxu||||| |||| 00| 0 eng d
100 _aSukumaran Nair, M.K.
245 _aRural labour market in Kerala: small holder agriculture and labour market dynamics
260 _c1997
300 _ap.L45-L52
362 _a30 Aug
650 _aLabour market
773 _aEconomic and Political Weekly
909 _a35414
999 _c35414
_d35414